000 00842nas a2200277 4500
001 BR0504815
003 BR-BrBNA
005 20231205105641.0
007 ta
008 230509b bl.|||p| |||| 00| 00por d
040 _aBR-BrBNA
_bpor
_cBiblioteca Nacional de Agricultura
041 _a(En)
072 _aF30; F70
100 1 _aKaram, D.
100 1 _aWestra, P.
100 1 _aNissen, S.J.
100 1 _aWard, S.M.
100 1 _aFigueiredo, J.E.F.
245 1 _aGenetic diversity among proso millet (Panicum miliaceum)biotypes assessed by AFLP technique
650 _aCAPIM BRACHIARIA
650 _aVARIAÇÃO GENÉTICA
650 _aTAXONOMIA VEGETAL
773 0 _tPlanta Daninha (Brazil)
_xISSN 0100-8358
_g(Apr-Jun 2004), v. 22(3) p. 167-174
_wBR0504815
909 _a202311
_bLúcia
_c55
_dLúcia Elande
942 _2AGRIS
_n0
_cANA
999 _c183966
_d183966